Poemas para F.B. (Record no. 182777)
[ view plain ]
| 000 -LEADER | |
|---|---|
| campo de control de longitud fija | 00825nam a2200241 i 4500 |
| 001 - NÚMERO DE CONTROL | |
| campo de control | 182777 |
| 003 - IDENTIFICADOR DE NÚMERO DE CONTROL | |
| campo de control | ES-MaACL |
| 005 - FECHA Y HORA DE LA ÚLTIMA TRANSACCIÓN | |
| campo de control | 20250316181628.0 |
| 008 - DATOS DE LONGITUD FIJA--INFORMACIÓN GENERAL | |
| campo de control de longitud fija | 131031s2000 sp | |||| ||spa d |
| 080 ## - NÚMERO DE LA CLASIFICACIÓN DECIMAL UNIVERSAL | |
| Número de la Clasificación Decimal Universal | 821.134.2-1"19"(082.2) |
| 080 ## - NÚMERO DE LA CLASIFICACIÓN DECIMAL UNIVERSAL | |
| Número de la Clasificación Decimal Universal | 821.134.1-1"19"(082.2) |
| 080 ## - NÚMERO DE LA CLASIFICACIÓN DECIMAL UNIVERSAL | |
| Número de la Clasificación Decimal Universal | 929 Brines, Francisco |
| 245 00 - MENCIÓN DEL TÍTULO | |
| Título | Poemas para F.B. |
| 260 ## - PUBLICACIÓN, DISTRIBUCIÓN, ETC. | |
| Lugar de publicación, distribución, etc. | [València] : |
| Nombre del editor, distribuidor, etc. | Universitat de València, Col·legi Major Rector Peset, |
| Fecha de publicación, distribución, etc. | [2000] |
| 300 ## - DESCRIPCIÓN FÍSICA | |
| Extensión | 37 p. ; |
| Dimensiones | 19 cm. |
| 546 ## - NOTA DE IDIOMA | |
| Nota de lengua/lenguaje | Textos en castellano o catalán. |
| 600 17 - PUNTO DE ACCESO ADICIONAL DE MATERIA--NOMBRE DE PERSONA | |
| Nombre de persona | Brines, Francisco, |
| Fechas asociadas al nombre | 1932-2021 - |
| Subdivisión de forma | Homenajes |
| Fuente del encabezamiento o término | |
| 9 (RLIN) | 153767 |
| 650 #4 - PUNTO DE ACCESO ADICIONAL DE MATERIA--TÉRMINO DE MATERIA | |
| Término de materia o nombre geográfico como elemento de entrada | Poesías españolas- |
| Subdivisión cronológica | S.XX. |
| 9 (RLIN) | 16221 |
| 650 #4 - PUNTO DE ACCESO ADICIONAL DE MATERIA--TÉRMINO DE MATERIA | |
| Término de materia o nombre geográfico como elemento de entrada | Poesía catalana- |
| Subdivisión cronológica | S.XX |
| 9 (RLIN) | 16206 |
| 710 2# - ENTRADA AGREGADA--NOMBRE DE ENTIDAD CORPORATIVA | |
| Nombre de entidad corporativa o nombre de jurisdicción como elemento de entrada | Universidad de Valencia. |
| 9 (RLIN) | 7314 |
| 852 ## - LOCALIZACIÓN | |
| Ubicación | ES-MaACL |
| Número de control de estantería | 2328-F-5 |
| Nota libre | - Donativo M.A. Velasco |
| Estatus retirado | Estado de pérdida | Estado de daño | No para préstamo | Colección | Biblioteca de origen | Biblioteca actual | Ubicación en estantería | Fecha de adquisición | Fuente de adquisición | Total de préstamos | Signatura topográfica completa | Código de barras | Visto por última vez | Precio de reemplazo | Tipo de ítem Koha |
|---|---|---|---|---|---|---|---|---|---|---|---|---|---|---|---|
| Colección de folletos | Biblioteca del Ateneo de Madrid | Biblioteca del Ateneo de Madrid | Depósito folletos | 31/10/2013 | 2328-F-5 | 1192092 | 23/02/2023 | 23/02/2023 | Folleto |
